000 00584nam a2200229Ia 4500
003 OSt
005 20220924123121.0
006 a|||||r|||| 00| 0
007 ta
008 220923b |||||||| |||| 00| 0 hin d
024 _a62017
037 _cTextual
040 _aARTS
_cARTS
_bhin
041 _2hin
_ahin
082 _aQ22:223b, 152L9
245 0 _aSrimadbhagvat Padanukramnika
260 _aMathura
_bSat Shastra Prakashan
_c1979
300 _a602p
_ccm.
650 _aRELIGION
942 _hQ22:223b, 152L9
_cTEXL
_2CC
999 _c414389
_d414389